Flaggen, der Länder die mit I beginnen - Statistiken

Allgemein
  • Dieses Quiz wurde 243 mal gespielt
  • Das Durchschnittsergebnis liegt bei 8 aus 8
Antwortstatistiken
Bildquiz Antwort % Korrekt
Israel
100%
Italien
100%
Indonesien
99%
Iran
99%
Island
99%
Indien
98%
Irland
98%
Irak
97%
Keine übereinstimmenden Quizze gefunden
Verteilung der Resultate
Anzahl Personen mit jedem Resultat
Perzentil nach korrekt beantworteten Fragen
Ihre Resultats-Entwicklung
Sie haben dieses Quiz noch nicht gespielt